Clic Quelle est cette série policière ? (2) - Statistiques

Statistiques générales
  • Ce quiz a été pris 38 fois
  • Le résultat moyen est 11 sur 32
Statistiques - réponses
Hint Réponse % Correct
32 ans - Paris - Rénier - 1976 Commissaire Moulin
62%
Belle époque - Automobiles - Valentin - 1974 Les Brigades du Tigre
62%
Adaptation - Juge d'instruction - Femme - 1993 Alice Nevers
59%
Simenon - Commissaire - Richard - 1967 Les Enquêtes du commissaire Maigret
59%
BSU de Sète - 4 enfants - Dumas - 2013 Candice Renoir
55%
OCBC - Historienne - Musées - 2017 L'Art du crime
55%
TIC - Laboratoire - Paris - 2006 RIS police scientifique
55%
Handicapé - Humour grinçant - Delambre - 2012 Caïn
48%
Erreur judiciaire - Nouvelle carrière - Bernier - 2015 La Stagiaire
48%
Marseille - Disparition - Enfants - 2013 Léo Matteï
48%
Commissaire - Juge - Journaliste - 1992 Les Cordier, juge et flic
48%
8e DPJ - Paris - Tapie - 2003 Commissaire Valence
45%
DOS - Police - Rolland -2004 Léa Parker
41%
Régions viticoles - Oenologue - Arditi - 2011 Le Sang de la vigne
41%
Ste Marie - Inspecteur anglais - Harry - 2011 Meurtres au Paradis
41%
Détective privé - Paris - Saxo - 1991 Nestor Burma
41%
Jeu - 38 ans - Bourrel - 1958 Les Cinq Dernières Minutes
38%
Personnage réel - Bagnard - Sûreté - 1971 Les Nouvelles Aventures de Vidocq
34%
XVIIIe siècle - Ranreuil - Châtelet - 2008 Nicolas Le Floch
34%
Gendarmerie - Rivière - Nicolas - 1996 Une femme d'honneur
28%
Tandems - Crime connu - Gélinas - 2017 Crimes parfaits
24%
Femme - Clairières - Verdon - 1992 Julie Lescaut
24%
Ancien policier - Mineurs - Ultime défense - 2001 Sauveur Giordano
24%
Paris - 7e Brigade territoriale - Sexisme - 1985 Madame et ses flics
21%
Paris - Yolande - Bain-Marie - 1989 Navarro
21%
Lyon - Brigade criminelle - Croix-Rousse - 2019 Chérif
17%
Commissaires x 2 - Chasseresse - Zoé - 2003 Diane, femme flic
17%
Vie quotidienne - 10e arrondissement - Canal St Martin - 1997 PJ
17%
Accusé à tort - Redresseur de torts - Brissac - 1997 Un homme en colère
14%
Paris - Nadia Lintz - Commandant alcoolique - 1999 Boulevard du Palais
10%
Fille d'amiral - Plouguirec - Trouillet - 1989 Imogène
10%
Paris - Commissariat - Lambert - 1966 Allô Police
3%
Aucun quiz correspondant
Distribution des résultats
% des personnes avec chaque résultat
Percentile par nombre de réponses
Votre historique - résultats
Vous n’avez pas pris ce quiz